LEADER 01536nam 2200433 a 450 001 9910703298803321 005 20111122084544.0 035 $a(CKB)3460000000112661 035 $a(OCoLC)746324346 035 $a(EXLCZ)993460000000112661 100 $a20110811d2011 ua 0 101 0 $aeng 135 $aurbn||||a|||| 181 $ctxt$2rdacontent 182 $cc$2rdamedia 183 $acr$2rdacarrier 200 10$aLibya $edefining U.S. national security interests$b[electronic resource] : hearing before the Committee on Foreign Affairs, House of Representatives, One Hundred Twelfth Congress, first session, March 31, 2011 210 1$aWashington :$cU.S. G.P.O.,$d2011. 215 $a1 online resource (iii, 69 pages) 300 $aTitle from title screen (viewed on Aug. 11, 2011). 300 $aPaper version available for sale by the Supt. of Docs., U.S. G.P.O. 300 $a"Serial no. 112-25." 517 $aLibya 606 $aHumanitarian intervention$zLibya 606 $aOperation Odyssey Dawn, 2011 606 $aHuman rights$zLibya 607 $aLibya$xHistory$yCivil War, 2011- 607 $aUnited States$xForeign relations$zLibya 607 $aLibya$xForeign relations$zUnited States 607 $aLibya$xPolitics and government$y1969- 615 0$aHumanitarian intervention 615 0$aOperation Odyssey Dawn, 2011. 615 0$aHuman rights 801 0$bGPO 801 1$bGPO 906 $aBOOK 912 $a9910703298803321 996 $aLibya$91306845 997 $aUNINA LEADER 02369nam 2200469 450 001 9910794005003321 005 20230803042816.0 010 $a3-8325-8741-1 035 $a(CKB)4100000011338343 035 $a(MiAaPQ)EBC6243256 035 $a6026adf5-db04-4baa-8bcd-4fa7b0dd2d03 035 $a(EXLCZ)994100000011338343 100 $a20201021d2013 uy 0 101 0 $aeng 135 $aurcnu|||||||| 181 $ctxt$2rdacontent 182 $cc$2rdamedia 183 $acr$2rdacarrier 200 10$aDynamical systems and classical mechanics $electure notes /$fMatteo Petrera 210 1$aBerlin :$cLogos Verlag,$d[2013] 210 4$dİ2013 215 $a1 online resource (268 pages) 225 1 $aMathematical Physics ;$v1 300 $aPublicationDate: 20131210 311 $a3-8325-3569-1 330 $aLong description: These Lecture Notes provide an introduction to the theory of finite-dimensional dynamical systems. The first part presents the main classical results about continuous time dynamical systems with a finite number of degrees of freedom. Among the topics covered are: initial value problems, geometrical methods in the theory of ordinary differential equations, stability theory, aspects of local bifurcation theory. The second part is devoted to the Lagrangian and Hamiltonian formulation of finite-dimensional dynamical systems, both on Euclidean spaces and smooth manifolds. The main topics are: variational formulation of Newtonian mechanics, canonical Hamiltonian mechanics, theory of canonical transformations, introduction to mechanics on Poisson and symplectic manifolds. The material is presented in a way that is at once intuitive, systematic and mathematically rigorous. The theoretical part is supplemented with many concrete examples and exercises. 410 0$aMathematical physics (Series) ;$v1. 606 $aDifferentiable dynamical systems 606 $aLagrange equations 606 $aHamiltonian systems 615 0$aDifferentiable dynamical systems. 615 0$aLagrange equations. 615 0$aHamiltonian systems. 676 $a515.352 700 $aPetrera$b Matteo$01478653 801 0$bMiAaPQ 801 1$bMiAaPQ 801 2$bMiAaPQ 906 $aBOOK 912 $a9910794005003321 996 $aDynamical systems and classical mechanics$93694423 997 $aUNINA